[Event "Suwalki Warakomska Memorial-A op"]
[Site "Suwalki"]
[Date "2018.08.06"]
[Round "7"]
[White "Ocytko, Andrzej"]
[Black "Buraczewski, Rafal"]
[Result "0-1"]
[WhiteElo "2155"]
[BlackElo "2221"]
[PlyCount "96"]
[EventDate "2018.08.01"]
[EventType "swiss"]
[EventRounds "9"]
[EventCountry "POL"]
[SourceTitle "CBM 185 Extra"]
[Source "ChessBase"]
[SourceDate "2018.07.29"]
[SourceVersion "1"]
[SourceVersionDate "2018.07.29"]
[SourceQuality "1"]
[WhiteTeam "Poland"]
[BlackTeam "Poland"]
[WhiteTeamCountry "POL"]
[BlackTeamCountry "POL"]

1. e4 e6 2. d4 d5 3. exd5 exd5 4. Nf3 Nc6 5. Bd3 Bd6 6. c3 Nge7 7. Qc2 Bg4 8. Bg5 Qd7 9. Nbd2 f6 10. Bh4 Bf5 11. 0-0-0 0-0-0 12. Bg3 Bxd3 13. Qxd3 Nf5 14. Rde1 g6 15. Re2 Rde8 16. Rhe1 Rxe2 17. Qxe2 Bxg3 18. hxg3 Nd6 19. Qe3 g5 20. Qe6 Qxe6 21. Rxe6 Rf8 22. Re1 Kd7 23. Rh1 Rf7 24. g4 Ke7 25. Kd1 Kf8 26. Nf1 Ne4 27. Ke2 Na5 28. Ne3 c6 29. Nd2 Nd6 30. Kd3 b5 31. b3 f5 32. gxf5 Kg7 33. g4 Nab7 34. Nf3 Ne4 35. Rh2 Rc7 36. Ne5 Nbd6 37. f3 Nf6 38. c4 h5 39. Rc2 bxc4+ 40. bxc4 dxc4+ 41. N3xc4 Nxc4 42. Kxc4 h4 43. Kc5 Nd5 44. Nxc6 Rxc6+ 45. Kxc6 Nb4+ 46. Kc7 Nxc2 47. d5 Nd4 48. a4 Nxf3 0-1

[Event "Suwalki Warakomska Memorial-A op"]
[Site "Suwalki"]
[Date "2018.08.05"]
[Round "6"]
[White "Lisowski, Krzysztof"]
[Black "Ocytko, Andrzej"]
[Result "1/2-1/2"]
[WhiteElo "2072"]
[BlackElo "2155"]
[PlyCount "109"]
[EventDate "2018.08.01"]
[EventType "swiss"]
[EventRounds "9"]
[EventCountry "POL"]
[SourceTitle "CBM 185 Extra"]
[Source "ChessBase"]
[SourceDate "2018.07.29"]
[SourceVersion "1"]
[SourceVersionDate "2018.07.29"]
[SourceQuality "1"]

1. e4 e5 2. Nf3 Nc6 3. Bc4 Bc5 4. c3 Nf6 5. d4 exd4 6. e5 d5 7. Be2 Ne4 8. cxd4 Be7 9. Nc3 0-0 10. 0-0 Be6 11. Be3 f5 12. exf6 Bxf6 13. Rc1 a6 14. Bd3 Nxc3 15. bxc3 Qd7 16. Ne5 Nxe5 17. dxe5 Bxe5 18. Bxh7+ Kxh7 19. Qh5+ Kg8 20. Qxe5 Rae8 21. Rfd1 c6 22. Qg3 Rc8 23. Bc5 Rfe8 24. Re1 Bf5 25. h4 Qf7 26. f3 Bg6 27. Qf2 Rxe1+ 28. Rxe1 Re8 29. Rxe8+ Qxe8 30. Qg3 Kh7 31. Kh2 Qd8 32. Bd4 Qe7 33. Qf2 Qa3 34. Qg3 Qe7 35. Qf2 Qa3 36. Qe3 Qd6+ 37. Be5 Qe7 38. Qf4 Qe6 39. Qg5 Qf7 40. h5 Bxh5 41. Bxg7 Qxg7 42. Qxh5+ Qh6 43. Qxh6+ Kxh6 44. Kg3 Kg5 45. f4+ Kf5 46. Kf3 c5 47. g4+ Kf6 48. Ke3 b5 49. Kd3 a5 50. g5+ Kf5 51. Kc2 a4 52. a3 Kg6 53. Kb2 Kf5 54. Kc2 Kg6 55. Kb2 1/2-1/2

[Event "Suwalki Warakomska Memorial-A op"]
[Site "Suwalki"]
[Date "2018.08.03"]
[Round "3"]
[White "Ocytko, Andrzej"]
[Black "Sliwerski, Radoslaw"]
[Result "1/2-1/2"]
[WhiteElo "2155"]
[BlackElo "2011"]
[PlyCount "69"]
[EventDate "2018.08.01"]
[EventType "swiss"]
[EventRounds "9"]
[EventCountry "POL"]
[SourceTitle "CBM 185 Extra"]
[Source "ChessBase"]
[SourceDate "2018.07.29"]
[SourceVersion "1"]
[SourceVersionDate "2018.07.29"]
[SourceQuality "1"]

1. e4 c5 2. Nf3 d6 3. c4 Nc6 4. d4 cxd4 5. Nxd4 Nf6 6. Nc3 g6 7. Be2 Bg7 8. Be3 0-0 9. Qd2 Bd7 10. f3 a6 11. 0-0 Rc8 12. Rac1 Re8 13. Rfd1 Qa5 14. Nb3 Qc7 15. Nd5 Qb8 16. Nb6 Rcd8 17. Nd4 Nxd4 18. Bxd4 Be6 19. Be3 Nd7 20. Qb4 Nxb6 21. Bxb6 Rc8 22. a4 Bh6 23. Rb1 a5 24. Qc3 Bg7 25. Bd4 Bxd4+ 26. Qxd4 Qc7 27. b3 Qc5 28. Qxc5 dxc5 29. Kf2 Red8 30. Ke3 f6 31. f4 h6 32. g4 Kg7 33. Bf3 b6 34. Rxd8 Rxd8 35. Rd1 1/2-1/2

[Event "Suwalki Warakomska Memorial-A op"]
[Site "Suwalki"]
[Date "2018.08.02"]
[Round "2"]
[White "Chylewski, Patryk"]
[Black "Ocytko, Andrzej"]
[Result "1-0"]
[WhiteElo "2335"]
[BlackElo "2155"]
[PlyCount "67"]
[EventDate "2018.08.01"]
[EventType "swiss"]
[EventRounds "9"]
[EventCountry "POL"]
[SourceTitle "CBM 185 Extra"]
[Source "ChessBase"]
[SourceDate "2018.07.29"]
[SourceVersion "1"]
[SourceVersionDate "2018.07.29"]
[SourceQuality "1"]

1. e4 e5 2. Nf3 Nf6 3. d4 Nxe4 4. dxe5 d5 5. Nbd2 Nxd2 6. Bxd2 Bf5 7. Nd4 Bd7 8. Bd3 Nc6 9. Nxc6 bxc6 10. 0-0 Bc5 11. c4 Bd4 12. Qc2 Rb8 13. Bc3 Bxc3 14. Qxc3 0-0 15. Rad1 Rb7 16. Bc2 Be6 17. Ba4 Rb6 18. f4 f5 19. c5 Ra6 20. Rd4 Qd7 21. a3 Qe7 22. Bd1 Qe8 23. Be2 Qc8 24. b4 Qb7 25. Ra1 Rd8 26. a4 Bc8 27. Qf3 Qb8 28. Qf1 Qb7 29. a5 g6 30. Ra3 h5 31. Rg3 Kf7 32. Rg5 Re8 33. Bd3 Rh8 34. e6+ 1-0

[Event "Suwalki Warakomska Memorial 1st"]
[Site "Suwalki"]
[Date "2017.08.12"]
[Round "2"]
[White "Ocytko, Andrzej"]
[Black "Szustakowski, Antoni"]
[Result "1-0"]
[WhiteElo "2127"]
[BlackElo "2235"]
[PlyCount "67"]
[EventDate "2017.08.11"]
[EventType "swiss"]
[EventRounds "9"]
[EventCountry "POL"]
[SourceTitle "CBM 180 Extra"]
[Source "ChessBase"]
[SourceDate "2017.10.06"]
[SourceVersion "1"]
[SourceVersionDate "2017.10.06"]
[SourceQuality "1"]

1. d4 e6 2. e4 d5 3. Nc3 Nf6 4. e5 Nfd7 5. f4 c5 6. Nf3 Nc6 7. Be3 a6 8. Qd2 b5 9. dxc5 Bxc5 10. Bxc5 Nxc5 11. Nd4 Qb6 12. Nxc6 Qxc6 13. Qd4 Rb8 14. Bd3 a5 15. 0-0 Ba6 16. Ne2 b4 17. Bxa6 Nxa6 18. Qd2 0-0 19. Nd4 Qb6 20. Kh1 Nc5 21. Rad1 Ne4 22. Qe3 f6 23. Kg1 Rbc8 24. Rf3 Rc4 25. h3 a4 26. f5 Ng5 27. Rg3 fxe5 28. Qxg5 Qa7 29. Kh2 Rxd4 30. Rxd4 exd4 31. fxe6 Re8 32. Qxd5 Qe7 33. Qxd4 Rd8 34. Rxg7+ 1-0

[Event "Suwalki Warakomska Memorial 1st"]
[Site "Suwalki"]
[Date "2017.08.11"]
[Round "1"]
[White "Goluch, Piotr"]
[Black "Ocytko, Andrzej"]
[Result "1-0"]
[WhiteElo "2360"]
[BlackElo "2127"]
[PlyCount "81"]
[EventDate "2017.08.11"]
[EventType "swiss"]
[EventRounds "9"]
[EventCountry "POL"]
[SourceTitle "CBM 180 Extra"]
[Source "ChessBase"]
[SourceDate "2017.10.06"]
[SourceVersion "1"]
[SourceVersionDate "2017.10.06"]
[SourceQuality "1"]

1. e4 e5 2. Nf3 Nc6 3. Bb5 Nf6 4. d3 Bc5 5. 0-0 Nd4 6. Nxd4 Bxd4 7. c3 Bb6 8. d4 0-0 9. Bg5 h6 10. Bh4 d6 11. Re1 c6 12. Ba4 g5 13. Bg3 Bg4 14. Qd3 Qe7 15. Nd2 Rad8 16. Nc4 Bc7 17. Ne3 Bc8 18. d5 cxd5 19. exd5 Nh5 20. Nf5 Qf6 21. Bc2 Rfe8 22. Ne3 e4 23. Qc4 Qe7 24. Bxe4 f5 25. Bf3 g4 26. Bd1 b5 27. Qd3 Qg5 28. Bc2 Ng7 29. Qd4 Nh5 30. h4 gxh3 31. Bh4 Qg6 32. g3 Bb6 33. Qd3 Bxe3 34. Rxe3 Rxe3 35. Qxe3 Re8 36. Qd2 Qg4 37. Bd1 Qe4 38. f3 Qe1+ 39. Qxe1 Rxe1+ 40. Kh2 Re5 41. f4 1-0

[Event "Bialystok Zamenhof Memorial 35th"]
[Site "Bialystok"]
[Date "2016.12.27"]
[Round "2"]
[White "Daniel, Damian"]
[Black "Ocytko, Andrzej"]
[Result "1/2-1/2"]
[WhiteElo "2030"]
[BlackElo "2110"]
[PlyCount "59"]
[EventDate "2016.12.27"]
[EventType "swiss (rapid)"]
[EventRounds "9"]
[EventCountry "POL"]
[SourceTitle "CBM 176 Extra"]
[Source "ChessBase"]
[SourceDate "2017.03.02"]
[SourceVersion "1"]
[SourceVersionDate "2017.03.02"]
[SourceQuality "1"]

1. d4 Nf6 2. c4 e6 3. g3 Bb4+ 4. Bd2 Be7 5. Bg2 d5 6. Nf3 0-0 7. Qc2 c6 8. 0-0 Nbd7 9. Rd1 b6 10. a4 Ba6 11. b3 Qc8 12. Na3 Qb7 13. b4 Qc8 14. Rdc1 Qd8 15. Ra2 Rc8 16. Qb1 Ne4 17. Be1 Bd6 18. c5 bxc5 19. dxc5 Be7 20. Nd4 Nef6 21. Rac2 g6 22. Nb3 Rb8 23. Qa1 Ng4 24. Na5 Qc7 25. Rb1 Bb7 26. Qa2 Rfc8 27. Rbc1 Ba6 28. Rb1 Bb7 29. Rbc1 Ba6 30. Rb1 1/2-1/2

[Event "Bialystok Zamenhof Memorial"]
[Site "Bialystok"]
[Date "2008.12.29"]
[Round "5"]
[White "Ocytko, Andrzej"]
[Black "Khamitskiy, Sergei"]
[Result "0-1"]
[WhiteElo "2165"]
[BlackElo "2341"]
[PlyCount "39"]
[EventDate "2008.12.27"]
[EventType "swiss"]
[EventRounds "9"]
[EventCountry "POL"]
[SourceTitle "EXT 2010"]
[Source "ChessBase"]
[SourceDate "2010.11.25"]
[SourceVersion "1"]
[SourceVersionDate "2010.11.25"]
[SourceQuality "1"]

1. d4 d5 2. Nf3 c6 3. e3 Bg4 4. c4 e6 5. Nc3 Nf6 6. Bd2 Nbd7 7. h3 Bh5 8. Be2 Bd6 9. Qb3 Rb8 10. Rd1 0-0 11. g4 Bg6 12. Nh4 dxc4 13. Qxc4 Bc2 14. a4 Bxd1 15. Bxd1 c5 16. g5 Nb6 17. Qb3 Nfd5 18. a5 cxd4 19. axb6 dxc3 20. bxc3 0-1

[Event "Bialystok Zamenhof Memorial-A"]
[Site "Bialystok"]
[Date "2007.12.31"]
[Round "9.4"]
[White "Polishchuk, Oleg"]
[Black "Ocytko, Andrzej"]
[Result "1-0"]
[WhiteElo "2219"]
[BlackElo "2165"]
[PlyCount "75"]
[EventDate "2007.12.27"]
[EventType "swiss"]
[EventRounds "9"]
[EventCountry "POL"]
[SourceTitle "EXT 2023"]
[Source "ChessBase"]
[SourceDate "2022.10.05"]
[SourceVersion "1"]
[SourceVersionDate "2022.10.05"]
[SourceQuality "1"]

1. c4 Nf6 2. g3 e6 3. Bg2 d5 4. d4 Bb4+ 5. Nc3 c5 6. dxc5 Nc6 7. cxd5 Nxd5 8. Bd2 Nxc3 9. Bxc3 Bxc3+ 10. bxc3 Qa5 11. Bxc6+ bxc6 12. Qd4 0-0 13. Nf3 Ba6 14. Qb4 Qc7 15. Nd4 Rab8 16. Qa3 Bc4 17. 0-0 e5 18. Nf5 Bxe2 19. Rfe1 Bg4 20. Nd6 f6 21. Rab1 Qd7 22. Rb4 Bh3 23. Reb1 Rxb4 24. Rxb4 h5 25. f3 f5 26. Qb3+ Kh7 27. Rh4 f4 28. Rxh5+ Kg6 29. Qc2+ Kf6 30. Ne4+ Ke7 31. Rxe5+ Kd8 32. g4 Bxg4 33. fxg4 Qxg4+ 34. Qg2 Qd1+ 35. Qf1 Qg4+ 36. Kh1 f3 37. Qd3+ Kc8 38. Nd6+ 1-0

[Event "Bialystok Zamenhof Memorial-A"]
[Site "Bialystok"]
[Date "2007.12.29"]
[Round "6.3"]
[White "Ocytko, Andrzej"]
[Black "Kostyra, Stanislaw"]
[Result "1-0"]
[WhiteElo "2165"]
[BlackElo "2277"]
[PlyCount "69"]
[EventDate "2007.12.27"]
[EventType "swiss"]
[EventRounds "9"]
[EventCountry "POL"]
[SourceTitle "EXT 2023"]
[Source "ChessBase"]
[SourceDate "2022.10.05"]
[SourceVersion "1"]
[SourceVersionDate "2022.10.05"]
[SourceQuality "1"]

1. e4 c5 2. Nf3 e6 3. d4 cxd4 4. Nxd4 a6 5. c4 Nf6 6. Nc3 Qc7 7. a3 Nc6 8. Be3 Ne5 9. Be2 d6 10. Rc1 Be7 11. 0-0 0-0 12. b4 b6 13. f4 Ned7 14. Bf3 Bb7 15. g4 Rfc8 16. g5 Ne8 17. Bg4 Nf8 18. f5 e5 19. Nd5 Qd8 20. f6 Bxf6 21. gxf6 Bxd5 22. Nf5 Nxf6 23. exd5 b5 24. Bg5 Rxc4 25. Rxc4 bxc4 26. Nh6+ gxh6 27. Bxf6 Qb6+ 28. Kh1 Ng6 29. Qc1 Nf4 30. Rxf4 exf4 31. Qxf4 Re8 32. Be6 Rxe6 33. Qg4+ Kf8 34. Qg7+ Ke8 35. dxe6 1-0

[Event "Bialystok Zamenhof Memorial-A"]
[Site "Bialystok"]
[Date "2007.12.28"]
[Round "3.4"]
[White "Ocytko, Andrzej"]
[Black "Puksza, Andrzej"]
[Result "1/2-1/2"]
[WhiteElo "2165"]
[BlackElo "1937"]
[PlyCount "23"]
[EventDate "2007.12.27"]
[EventType "swiss"]
[EventRounds "9"]
[EventCountry "POL"]
[SourceTitle "EXT 2023"]
[Source "ChessBase"]
[SourceDate "2022.10.05"]
[SourceVersion "1"]
[SourceVersionDate "2022.10.05"]
[SourceQuality "1"]

1. c4 c6 2. d4 d5 3. cxd5 cxd5 4. Nc3 Nf6 5. Bf4 Bf5 6. e3 Nc6 7. Rc1 e6 8. Bb5 Rc8 9. Nf3 Bd6 10. Ne5 Bxe5 11. Bxe5 0-0 12. Bxc6 1/2-1/2

[Event "Bialystok Zamenhof Memorial-A"]
[Site "Bialystok"]
[Date "2007.12.27"]
[Round "2.1"]
[White "Khamitskiy, Sergei"]
[Black "Ocytko, Andrzej"]
[Result "1-0"]
[WhiteElo "2402"]
[BlackElo "2165"]
[PlyCount "112"]
[EventDate "2007.12.27"]
[EventType "swiss"]
[EventRounds "9"]
[EventCountry "POL"]
[SourceTitle "EXT 2023"]
[Source "ChessBase"]
[SourceDate "2022.10.05"]
[SourceVersion "1"]
[SourceVersionDate "2022.10.05"]
[SourceQuality "1"]

1. d4 d5 2. c4 c6 3. e3 Nf6 4. Bd3 g6 5. Nc3 Bg7 6. Nf3 Bg4 7. 0-0 0-0 8. h3 Bf5 9. Bxf5 gxf5 10. Qb3 Qb6 11. Qxb6 axb6 12. cxd5 Nxd5 13. Nxd5 cxd5 14. Bd2 Rc8 15. Bc3 Nc6 16. g4 fxg4 17. hxg4 e6 18. Kg2 Bf6 19. Rh1 Kg7 20. Ne1 Be7 21. Nd3 Bd6 22. e4 b5 23. a3 f6 24. exd5 exd5 25. Rae1 Re8 26. Rxe8 Rxe8 27. Rh5 Ne7 28. Kf3 Rd8 29. Bd2 Kg6 30. Kg2 Rc8 31. Bf4 Rc6 32. Bxd6 Rxd6 33. Nf4+ Kg7 34. Kf3 b4 35. axb4 Rb6 36. Nd3 Rb5 37. Ke3 Nc6 38. f4 Nxb4 39. Nxb4 Rxb4 40. Rxd5 Kg6 41. Rd6 h6 42. Rd7 h5 43. gxh5+ Kf5 44. Rd5+ Ke6 45. Ke4 Rxb2 46. f5+ Ke7 47. Rc5 Rh2 48. Kd5 Rxh5 49. Rc7+ Kd8 50. Rxb7 Rxf5+ 51. Ke6 Ra5 52. d5 Kc8 53. Rf7 Ra1 54. Rxf6 Re1+ 55. Kd6 Rh1 56. Kc6 Rh8 1-0

[Event "Bialystok Zamenhof Memorial-A"]
[Site "Bialystok"]
[Date "2007.12.27"]
[Round "1.6"]
[White "Ocytko, Andrzej"]
[Black "Bernacki, Gabriel"]
[Result "1-0"]
[WhiteElo "2165"]
[BlackElo "1879"]
[PlyCount "33"]
[EventDate "2007.12.27"]
[EventType "swiss"]
[EventRounds "9"]
[EventCountry "POL"]
[SourceTitle "EXT 2023"]
[Source "ChessBase"]
[SourceDate "2022.10.05"]
[SourceVersion "1"]
[SourceVersionDate "2022.10.05"]
[SourceQuality "1"]

1. d4 f5 2. Nc3 Nf6 3. Bg5 h6 4. Bxf6 exf6 5. e4 Bb4 6. Qh5+ Kf8 7. Qxf5 Nc6 8. Nge2 Ne7 9. Qf3 d5 10. 0-0-0 c6 11. a3 Ba5 12. Ng3 Be6 13. e5 f5 14. h4 Ke8 15. Nh5 Rg8 16. Nf4 Qd7 17. Na4 1-0

[Event "Bialystok Spring op"]
[Site "Bialystok"]
[Date "2007.04.30"]
[Round "1"]
[White "Konopko, Lukasz"]
[Black "Ocytko, Andrzej"]
[Result "0-1"]
[WhiteElo "1808"]
[BlackElo "2195"]
[PlyCount "55"]
[EventDate "2007.04.30"]
[EventType "swiss"]
[EventRounds "9"]
[EventCountry "POL"]
[SourceTitle "EXT 2011"]
[Source "ChessBase"]
[SourceDate "2010.11.26"]
[SourceVersion "1"]
[SourceVersionDate "2010.11.26"]
[SourceQuality "1"]

1. e4 e5 2. Nf3 Nc6 3. Bb5 a6 4. Ba4 Nf6 5. 0-0 Be7 6. Re1 b5 7. Bb3 0-0 8. c3 d6 9. h3 Na5 10. Bc2 c5 11. d4 Qc7 12. Nbd2 cxd4 13. cxd4 Nc6 14. Nf1 Nxd4 15. Nxd4 exd4 16. Bf4 Bb7 17. Rc1 Qb6 18. Qd3 g6 19. Nh2 Rfe8 20. Bg5 Bxe4 21. Qb3 d5 22. f3 d3+ 23. Kh1 Nh5 24. Be3 Ng3+ 25. Kg1 Bc5 26. Ng4 Bxe3+ 27. Rxe3 Ne2+ 28. Kh1 0-1

[Event "Bialystok Spring op"]
[Site "Bialystok"]
[Date "2007.04.30"]
[Round "2"]
[White "Ocytko, Andrzej"]
[Black "Puksza, Andrzej"]
[Result "1/2-1/2"]
[WhiteElo "2195"]
[BlackElo "1954"]
[PlyCount "116"]
[EventDate "2007.04.30"]
[EventType "swiss"]
[EventRounds "9"]
[EventCountry "POL"]
[SourceTitle "EXT 2011"]
[Source "ChessBase"]
[SourceDate "2010.11.26"]
[SourceVersion "1"]
[SourceVersionDate "2010.11.26"]
[SourceQuality "1"]

1. Nf3 e6 2. d4 d5 3. c4 Nf6 4. g3 c5 5. cxd5 Nxd5 6. Bg2 Nc6 7. 0-0 Be7 8. Nc3 Nb6 9. dxc5 Bxc5 10. Qc2 a6 11. Rd1 Bd7 12. Ne4 Be7 13. Bf4 0-0 14. Nfg5 g6 15. h4 Nd5 16. Rac1 Rc8 17. Qd2 Bb4 18. Nc3 Nce7 19. e4 Nxf4 20. Qxf4 Qc7 21. Qf6 Nc6 22. Qf3 h6 23. Nh3 Bxc3 24. Rxc3 e5 25. Qf6 Rcd8 26. h5 Bxh3 27. Rxd8 Qxd8 28. Qxd8 Rxd8 29. Bxh3 gxh5 30. Bf1 Rd2 31. Bxa6 Nd4 32. Rc8+ Kg7 33. Bxb7 Rxb2 34. Bd5 Nf3+ 35. Kg2 Ne1+ 36. Kg1 Nf3+ 37. Kf1 Nh2+ 38. Ke1 Nf3+ 39. Kd1 Rxf2 40. Rc2 Rf1+ 41. Ke2 Nd4+ 42. Kxf1 Nxc2 43. a4 Nb4 44. Bb7 Kg6 45. Bc8 Kg5 46. a5 h4 47. gxh4+ Kxh4 48. a6 Nc6 49. Bd7 Na7 50. Kf2 f6 51. Kf3 Kg5 52. Kg3 h5 53. Kf3 Kh4 54. Kg2 Kg5 55. Kg3 h4+ 56. Kf3 Kh5 57. Kg2 Kh6 58. Be8 Nc8 1/2-1/2

[Event "Kochan Memorial op-A 16th"]
[Site "Koszalin"]
[Date "2005.08.??"]
[Round "2"]
[White "Koziak, Vitali"]
[Black "Ocytko, Andrzej"]
[Result "1-0"]
[WhiteElo "2486"]
[BlackElo "2241"]
[PlyCount "29"]
[EventDate "2005.08.??"]
[EventType "swiss"]
[EventRounds "10"]
[EventCountry "POL"]
[SourceTitle "EXT 2006"]
[Source "ChessBase"]
[SourceDate "2005.11.24"]
[SourceVersion "1"]
[SourceVersionDate "2005.11.24"]
[SourceQuality "1"]

1. d4 Nf6 2. Nf3 e6 3. c4 Bb4+ 4. Nbd2 b6 5. g3 Ba6 6. Qc2 0-0 7. Bg2 d5 8. 0-0 Bb7 9. cxd5 exd5 10. Ne5 Qc8 11. Ndf3 Bd6 12. Bf4 c5 13. dxc5 bxc5 14. Ng6 Bxf4 15. Ne7+ 1-0

[Event "Kochan Memorial op-A 16th"]
[Site "Koszalin"]
[Date "2005.08.??"]
[Round "5"]
[White "Ocytko, Andrzej"]
[Black "Bednarek, Sylwester"]
[Result "0-1"]
[WhiteElo "2241"]
[BlackElo "2321"]
[PlyCount "70"]
[EventDate "2005.08.??"]
[EventType "swiss"]
[EventRounds "10"]
[EventCountry "POL"]
[SourceTitle "EXT 2006"]
[Source "ChessBase"]
[SourceDate "2005.11.24"]
[SourceVersion "1"]
[SourceVersionDate "2005.11.24"]
[SourceQuality "1"]

1. e4 c5 2. Nf3 Nc6 3. Bb5 e6 4. 0-0 Nge7 5. c4 e5 6. Bxc6 Nxc6 7. Nc3 d6 8. d3 Be7 9. Ne1 h5 10. Nd5 g5 11. a3 f5 12. exf5 Bxf5 13. Nc2 Bg4 14. Qd2 Rg8 15. Re1 Kd7 16. b4 Qf8 17. b5 Nd4 18. Nxd4 cxd4 19. c5 dxc5 20. Rxe5 Bd6 21. Rxg5 Qf7 22. Rxg8 Rxg8 23. Nf4 Re8 24. h3 Qxf4 25. Qxf4 Re1+ 26. Kh2 Bxf4+ 27. Bxf4 Rxa1 28. hxg4 hxg4 29. Kg3 Rxa3 30. Kxg4 Ke6 31. Bg5 Rxd3 32. f4 Rb3 33. f5+ Kf7 34. Kf4 Rxb5 35. g4 c4 0-1

[Event "Kochan Memorial op-A 16th"]
[Site "Koszalin"]
[Date "2005.08.??"]
[Round "1"]
[White "Ocytko, Andrzej"]
[Black "Eichler, Gottfried Johannes"]
[Result "1-0"]
[WhiteElo "2241"]
[BlackElo "2082"]
[PlyCount "101"]
[EventDate "2005.08.??"]
[EventType "swiss"]
[EventRounds "10"]
[EventCountry "POL"]
[SourceTitle "EXT 2006"]
[Source "ChessBase"]
[SourceDate "2005.11.24"]
[SourceVersion "1"]
[SourceVersionDate "2005.11.24"]
[SourceQuality "1"]

1. e4 c5 2. Nf3 a6 3. c4 d6 4. d4 cxd4 5. Nxd4 g6 6. Nc3 Bg7 7. Be3 Nc6 8. Be2 Nf6 9. 0-0 0-0 10. Rc1 Re8 11. h3 e5 12. Nc2 h6 13. Qd2 Kh7 14. Rfd1 Bf8 15. b4 Be6 16. f3 Rc8 17. Nd5 Bxd5 18. cxd5 Nb8 19. a4 Nfd7 20. Na3 Qh4 21. Nc4 f5 22. Bd3 f4 23. Bf2 Qe7 24. Na5 Nf6 25. b5 Qd7 26. bxa6 bxa6 27. Nc4 Qf7 28. Qa5 Nfd7 29. Nb6 Nxb6 30. Bxb6 Qb7 31. Rb1 Be7 32. Bf2 Qc7 33. Qb6 Bd8 34. Qxc7+ Bxc7 35. Rb7 Kg8 36. Rc1 Ba5 37. Rcb1 Red8 38. h4 Nd7 39. Ra7 Nc5 40. Bxc5 Rxc5 41. Rbb7 Rc1+ 42. Kf2 Be1+ 43. Ke2 Bxh4 44. Rg7+ Kf8 45. Rh7 Bf6 46. Rhf7+ Kg8 47. Rxf6 Rb8 48. Kd2 Rcc8 49. Rxd6 Rb2+ 50. Kd1 Rxg2 51. Rc6 1-0

[Event "Kochan Memorial op-A 16th"]
[Site "Koszalin"]
[Date "2005.08.??"]
[Round "10"]
[White "Ocytko, Andrzej"]
[Black "Malaniuk, Vladimir P"]
[Result "0-1"]
[WhiteElo "2241"]
[BlackElo "2513"]
[PlyCount "82"]
[EventDate "2005.08.??"]
[EventType "swiss"]
[EventRounds "10"]
[EventCountry "POL"]
[SourceTitle "EXT 2006"]
[Source "ChessBase"]
[SourceDate "2005.11.24"]
[SourceVersion "1"]
[SourceVersionDate "2005.11.24"]
[SourceQuality "1"]

1. e4 e5 2. Nf3 Nc6 3. Bc4 Nf6 4. d3 h6 5. 0-0 d6 6. Re1 g6 7. d4 Qe7 8. c3 Bg7 9. Qc2 0-0 10. dxe5 Nxe5 11. Nxe5 Qxe5 12. Nd2 Bd7 13. Nf3 Qc5 14. Bd3 Rfe8 15. Bf4 Bb5 16. c4 Bc6 17. Bd2 a5 18. Bc3 Nd7 19. b3 Bxc3 20. Qxc3 Qb4 21. Qd4 Ne5 22. Be2 Nxf3+ 23. gxf3 b6 24. a3 Qc5 25. Qd2 Qg5+ 26. Qxg5 hxg5 27. Bd3 Kg7 28. Rac1 Kf6 29. Kg2 Ke5 30. Kg3 f6 31. Rh1 Rh8 32. h3 Bd7 33. Bf1 Be6 34. Bg2 Rh4 35. Rhd1 Rah8 36. b4 axb4 37. axb4 Bxh3 38. c5 bxc5 39. bxc5 Bxg2 40. Kxg2 g4 41. cxd6 cxd6 0-1

[Event "Kochan Memorial op-A 16th"]
[Site "Koszalin"]
[Date "2005.08.??"]
[Round "4"]
[White "Siembab, Bartosz"]
[Black "Ocytko, Andrzej"]
[Result "1/2-1/2"]
[WhiteElo "2134"]
[BlackElo "2241"]
[PlyCount "27"]
[EventDate "2005.08.??"]
[EventType "swiss"]
[EventRounds "10"]
[EventCountry "POL"]
[SourceTitle "EXT 2006"]
[Source "ChessBase"]
[SourceDate "2005.11.24"]
[SourceVersion "1"]
[SourceVersionDate "2005.11.24"]
[SourceQuality "1"]

1. e4 c5 2. Nf3 d6 3. d4 cxd4 4. Nxd4 Nf6 5. Nc3 a6 6. Be3 e6 7. f3 Nbd7 8. Qd2 b5 9. 0-0-0 Ne5 10. g4 h6 11. h4 b4 12. Nb1 d5 13. Bf4 Ng6 14. Bg3 1/2-1/2

[Event "Jaroslawiec op"]
[Site "Jaroslawiec"]
[Date "1997.??.??"]
[Round "?"]
[White "Ocytko, Andrzej"]
[Black "Brodsky, Michail"]
[Result "0-1"]
[WhiteElo "2270"]
[BlackElo "2515"]
[PlyCount "98"]
[EventDate "1997.??.??"]
[EventType "swiss"]
[EventRounds "9"]
[EventCountry "POL"]
[SourceTitle "EXT 2003"]
[Source "ChessBase"]
[SourceDate "2002.11.25"]
[SourceVersion "1"]
[SourceVersionDate "2002.11.25"]
[SourceQuality "1"]

1. e4 c5 2. Nf3 e6 3. d4 cxd4 4. Nxd4 Nc6 5. Nb5 d6 6. c4 Nf6 7. N1c3 a6 8. Na3 b6 9. Be2 Bb7 10. Be3 Nb8 11. f3 Nbd7 12. 0-0 Be7 13. Qd2 0-0 14. Rfe1 Qc7 15. Bf1 Rac8 16. Rac1 Qb8 17. Nc2 Rfe8 18. Bg5 Ne5 19. b3 h6 20. Be3 Ned7 21. Kh1 Bf8 22. Bd4 Ba8 23. b4 Red8 24. a3 Ne5 25. Ne3 Nfd7 26. Ne2 Be7 27. Bb2 Ng6 28. Ng4 h5 29. Nf2 Nf6 30. Nd4 Qa7 31. f4 e5 32. f5 Nf8 33. Nf3 b5 34. cxb5 Rxc1 35. Bxc1 axb5 36. Bxb5 d5 37. Qe2 Bd6 38. Bg5 N8h7 39. Bc1 dxe4 40. Ng5 Nxg5 41. Bxg5 Qxa3 42. Nxe4 Bxe4 43. Bxf6 gxf6 44. Qxe4 Qxb4 45. Qe2 Bf8 46. Bc6 Rd2 47. Qf3 Rd4 48. Rd1 Qc3 49. Rxd4 Qe1+ 0-1

[Event "POL-chT2"]
[Site "Augustow"]
[Date "1997.??.??"]
[Round "?"]
[White "Ocytko, Andrzej"]
[Black "Kasperek, Ryszard"]
[Result "0-1"]
[WhiteElo "2270"]
[BlackElo "2325"]
[PlyCount "64"]
[EventDate "1997.??.??"]
[EventType "team"]
[EventRounds "9"]
[EventCountry "POL"]
[SourceTitle "EXT 2003"]
[Source "ChessBase"]
[SourceDate "2002.11.25"]
[SourceVersion "1"]
[SourceVersionDate "2002.11.25"]
[SourceQuality "1"]

1. Nf3 Nf6 2. c4 e6 3. g3 d5 4. Bg2 Be7 5. d4 0-0 6. 0-0 dxc4 7. Qc2 a6 8. a4 Bd7 9. Ne5 Bc6 10. Nxc6 Nxc6 11. e3 Na5 12. Nd2 c5 13. Nxc4 cxd4 14. Nxa5 Qxa5 15. Bxb7 Rab8 16. Bg2 dxe3 17. Bxe3 Rfc8 18. Qe2 Nd5 19. Bxd5 exd5 20. Bd4 Bc5 21. Rfd1 Qb6 22. Qg4 Bxd4 23. Rxd4 h5 24. Qf4 Qxb2 25. Rad1 Qc2 26. Rxd5 Rb1 27. Rxb1 Qxb1+ 28. Kg2 Qg6 29. Rd6 Qb1 30. Qf3 a5 31. Rd7 Qg6 32. Rd5 h4 0-1